Kybernetické cvičenie pre útoky na webovú aplikáciu

Uložené v:
Podrobná bibliografia
Hlavný autor: Drgoň, Martin (Autor)
Ďalší autori: Hudec, Ladislav (Vedúci práce)
Médium: Rukopis Kniha
Jazyk:Slovak
Vydavateľské údaje: 2023
Predmet:
On-line prístup:http://is.stuba.sk/zp/portal_zp.pl?podrobnosti=163947
Tagy: Pridať tag
Žiadne tagy, Buďte prvý, kto otaguje tento záznam!

MARC

LEADER 00000ntm a22000003a 4500
001 stuzp92414
003 SK-STU
005 20230909213056.5
007 ta
008 150427s2015----xo-----f-mn---000-0-slo-d
040 |a STU  |b slo 
041 0 |a slo 
100 1 |a Drgoň, Martin  |u 070400  |4 aut  |U FIIT Fakulta informatiky a informačných technológií  |T FIIT Ústav počítačového inžinierstva a aplikovanej informatiky  |X 111766  |U I400  |Y 672  |7 111766 
242 0 1 |a A cyber exercise for web application attacks  |y eng 
245 1 0 |a Kybernetické cvičenie pre útoky na webovú aplikáciu 
260 |c 2023 
650 4 |a CSRF  |2 slo 
650 4 |a Bezpečnostné hry  |2 slo 
650 4 |a XSS  |2 slo 
650 4 |a CSRF  |2 eng 
650 4 |a Cybersecurity games  |2 eng 
650 4 |a XSS  |2 eng 
700 1 |a Hudec, Ladislav  |u 070400  |k Z1  |4 ths  |U FIIT Fakulta informatiky a informačných technológií  |T FIIT Ústav počítačového inžinierstva a aplikovanej informatiky  |X 2081  |U I400  |Y 672  |7 2081 
856 4 |u http://is.stuba.sk/zp/portal_zp.pl?podrobnosti=163947